000 00313nam a22001337a 4500
008 170714b xxu||||| |||| 00| 0 eng d
020 _a9780741484567
041 _aeng
080 _a101
100 _a24
101 _aFIL
245 _aPHILOSOPHICAL FRAGMNET A PERSONAL JOURNEY
_cBUNCH.R.A
942 _2udc
_cBK
999 _c20784
_d20784